Egyházi hotel marketingtevékenysége
| Main Author: | |
|---|---|
| Other Authors: | |
| Format: | Project work |
| Kulcsszavak: | marketing marketingeszközök szállodaipar turizmus vallás |
| Online Access: | http://dolgozattar.uni-bge.hu/59797 |
MARC
| LEADER | 00000nnm a2200000 i 4500 | ||
|---|---|---|---|
| 001 | dolg59797 | ||
| 005 | 20260409145557.0 | ||
| 008 | 260409suuuu hu o 000 hun d | ||
| 040 | |a BGE Dolgozattár Repozitórium |b hun | ||
| 041 | |a hu | ||
| 100 | 1 | |a Bakos Hanna Zsófia | |
| 245 | 1 | 0 | |a Egyházi hotel marketingtevékenysége |c Bakos Hanna Zsófia |h [elektronikus dokumentum] |
| 516 | |a Project_work | ||
| 520 | 3 | |a Az Egyházi hotel marketingtevékenysége című dolgozat a székesfehérvári Szent Gellért Hotel példáján keresztül vizsgálja, hogyan működik a marketing egy egyházi fenntartású szálláshely esetében. A tanulmány három fő kérdésre keres választ: milyen marketingtevékenységet folytat a hotel, hogyan jelenik meg az egyházi jelleg a kommunikációban, illetve miként tükröződik ez a vendégértékelésekben. A kutatás szerint a hotel marketingje nem tér el jelentősen a klasszikus szállodai stratégiáktól, és az egyházi jelleg háttérinformációként jelenik meg. | |
| 695 | |a marketing | ||
| 695 | |a marketingeszközök | ||
| 695 | |a szállodaipar | ||
| 695 | |a turizmus | ||
| 695 | |a vallás | ||
| 700 | 1 | |a Hegedüs Sára |e ths | |
| 856 | 4 | 0 | |u http://dolgozattar.uni-bge.hu/59797/1/Egyha%CC%81zi%20hotel%20marketingteve%CC%81kenyse%CC%81ge%20.pdf |z Dokumentum-elérés |
| 856 | 4 | 0 | |u http://dolgozattar.uni-bge.hu/59797/2/Bakos%20Hanna%202025_Projektmunka%20b%C3%ADr%C3%A1lat%20HS.pdf |z Dokumentum-elérés |